Statistiques concernant Culture Générale - Série 1606

Cliquez ici pour prendre le quiz!

Statistiques générales

  • Ce quiz a été pris 162 fois
  • Le résultat moyen est 8 sur 10

Statistiques - réponses

QuestionRéponse% Correct
De quelle nationalité était l'écrivain Anton Tchekhov ?russe
99%
Quelle île du Pacifique, appartenant au Chili, est célèbre pour ses statues monolithiques, représentant des êtres humains ?île de Pâques
96%
Dans quel océan se trouve la fosse des Mariannes, le plus profond des gouffres sous-marins actuellement connus ?Pacifique
95%
A combien de mètres carrés équivaut un hectare ?10 000
92%
Quel nom porte la couche superficielle de la peau, elle-même constituée de cinq strates superposées ?épiderme
88%
Quelle est la signification du "M" majuscule dans le sigle scolaire "CM1" ?Moyen
77%
Dans quelle série d'animation télévisée pouvait-on voir Zébulon ?Le Manège enchanté
61%
En 1979, quel chanteur est Johnny Rockfort, dans l'opéra-rock "Starmania" ?Daniel Balavoine
59%
Quel est le plus grand lac d'Amérique du Nord ?lac Supérieur
50%
Vers 1892, à quel peintre impressionniste doit-on les “Jeunes Filles au piano” ?Auguste Renoir
38%

Distribution des résultats

Percentile par nombre de réponses

% des personnes avec chaque résultat

Votre développement - résultats

Vous n’avez pas pris ce quiz